Normal view MARC view

Entry Geographic Name

Number of records used in: 1

001 - CONTROL NUMBER

  • control field: 6434

003 - CONTROL NUMBER IDENTIFIER

  • control field: OSt

005 - DATE AND TIME OF LATEST TRANSACTION

  • control field: 20120111095606.0

008 - FIXED-LENGTH DATA ELEMENTS

  • fixed length control field: 120111|||a|||||| | ||| d

040 ## - CATALOGING SOURCE

  • Original cataloging agency: OSt
  • Transcribing agency: OSt

151 ## - HEADING--GEOGRAPHIC NAME

  • Geographic name: Africa
  • General subdivision: Politics and government
  • Form subdivision: Periodicals.

670 ## - SOURCE DATA FOUND

  • Source citation: Work cat.: (OSt)5022: East African journal of peace & human rights. 2004 Vol.10, No.1, 2004-